[Event "2nd Banja Luka it"]
[Site "Banja Luka YUG"]
[Date "1976.11.25"]
[Round "1"]
[White "Hulak, Krunoslav"]
[Black "Parma, Bruno"]
[Result "1/2-1/2"]
[WhiteElo "2470"]
[BlackElo "2515"]
[EventDate "1976.11.25"]
[PlyCount "28"]

1.e4 e5 2.Nf3 Nc6 3.Bb5 a6 4.Bxc6 dxc6 5.O-O f6 6.d4 exd4 7.Nxd4 c5 8.Nb3 
Qxd1 9.Rxd1 Bg4 10.f3 Be6 11.Nc3 Bd6 12.Be3 b6 13.Nd5 O-O-O 14.Nd2 Ne7 
1/2-1/2

[Event "2nd Banja Luka it"]
[Site "Banja Luka YUG"]
[Date "1976.11.25"]
[Round "1"]
[White "Smejkal, Jan"]
[Black "Lakic, Nikola"]
[Result "1-0"]
[WhiteElo "2615"]
[BlackElo "2380"]
[EventDate "1976.11.25"]
[PlyCount "85"]

1.d4 Nf6 2.c4 c5 3.Nf3 g6 4.Nc3 cxd4 5.Nxd4 Nc6 6.g3 Bg7 7.Bg2 O-O 8.O-O 
Nxd4 9.Qxd4 d6 10.Qd3 Bf5 11.e4 Be6 12.Bd2 Nd7 13.b3 Nc5 14.Qe2 a6 15.Rfd1
Re8 16.Rac1 b5 17.Be3 Bxc3 18.Rxc3 Qa5 19.Bd4 bxc4 20.e5 d5 21.bxc4 dxc4 
22.Bxa8 Rxa8 23.Rxc4 Bxc4 24.Qxc4 Rd8 25.Rb1 Ne6 26.Bc3 Qd5 27.Qxd5 Rxd5 
28.Rb6 g5 29.Rxa6 Rd1+ 30.Kg2 g4 31.h3 gxh3+ 32.Kxh3 Rd3 33.Bb2 Rd2 34.Bc1
Rd1 35.Be3 Kg7 36.Ra7 Rd5 37.Rxe7 Ra5 38.Ra7 Rxe5 39.a4 Kg6 40.a5 f6 41.a6
Ra5 42.Bb6 Ra3 43.Kg2 1-0

[Event "2nd Banja Luka it"]
[Site "Banja Luka YUG"]
[Date "1976.11.26"]
[Round "2"]
[White "Bagirov, Vladimir"]
[Black "Marovic, Drazen"]
[Result "1/2-1/2"]
[WhiteElo "2490"]
[BlackElo "2485"]
[EventDate "1976.11.25"]
[PlyCount "51"]

1.d4 Nf6 2.c4 c5 3.d5 g6 4.Nc3 d6 5.e4 Bg7 6.h3 O-O 7.Nf3 e6 8.Bd3 exd5 9.
exd5 Re8+ 10.Be3 Nh5 11.O-O f5 12.Qd2 Na6 13.Rfe1 Bd7 14.Bg5 Qb6 15.Rxe8+ 
Rxe8 16.Re1 Rxe1+ 17.Nxe1 Nf6 18.f3 Qd8 19.g4 fxg4 20.fxg4 Nc7 21.Nf3 Qf8 
22.Kg2 a6 23.Ne2 b5 24.b3 b4 25.Ng3 Bc8 26.Qe2 1/2-1/2

[Event "2nd Banja Luka it"]
[Site "Banja Luka YUG"]
[Date "1976.11.26"]
[Round "2"]
[White "Parma, Bruno"]
[Black "Bukic, Enver"]
[Result "1/2-1/2"]
[WhiteElo "2515"]
[BlackElo "2500"]
[EventDate "1976.11.25"]
[PlyCount "35"]

1.e4 c5 2.Nf3 d6 3.d4 cxd4 4.Nxd4 Nf6 5.Nc3 a6 6.Be2 e5 7.Nb3 Be7 8.O-O 
O-O 9.Be3 Be6 10.f4 Qc7 11.a4 Nbd7 12.Kh1 exf4 13.Bxf4 Ne5 14.Nd4 Rfe8 15.
Nf5 Bf8 16.Ne3 Rac8 17.Qd4 Qc5 18.Rad1 1/2-1/2

[Event "2nd Banja Luka it"]
[Site "Banja Luka YUG"]
[Date "1976.11.27"]
[Round "3"]
[White "Marovic, Drazen"]
[Black "Mihaljcisin, Mihajlo"]
[Result "1-0"]
[WhiteElo "2485"]
[BlackElo "2325"]
[EventDate "1976.11.25"]
[PlyCount "81"]

1.c4 Nf6 2.Nc3 d5 3.cxd5 Nxd5 4.g3 g6 5.Bg2 Nb6 6.Nf3 Bg7 7.O-O O-O 8.d3 
Nc6 9.Be3 h6 10.Qc1 Kh7 11.Rd1 e5 12.Bc5 Re8 13.e3 Be6 14.d4 exd4 15.Nxd4 
Nxd4 16.Bxd4 Bxd4 17.exd4 c5 18.Bxb7 cxd4 19.Bxa8 Qxa8 20.Rxd4 Bh3 21.f3 
Qxf3 22.Qd2 h5 23.Qf2 Qb7 24.Rad1 Re5 25.R1d2 Rf5 26.Rf4 Nc4 27.Rxf5 Bxf5 
28.Rd5 f6 29.Rxf5 gxf5 30.Qxf5+ Kg7 31.Qxh5 Qb6+ 32.Kh1 Nxb2 33.Qg4+ Kf8 
34.Qc8+ Kf7 35.Kg2 Qb4 36.Qd7+ Kg6 37.Qe8+ Kf5 38.Qc6 Qc4 39.Qf3+ Ke6 40.
Qe3+ Kf5 41.Qf2+ 1-0

[Event "2nd Banja Luka it"]
[Site "Banja Luka YUG"]
[Date "1976.11.27"]
[Round "3"]
[White "Sibarevic, Milenko"]
[Black "Vukic, Milan"]
[Result "0-1"]
[WhiteElo "2340"]
[BlackElo "2510"]
[EventDate "1976.11.25"]
[PlyCount "95"]

1.e4 c6 2.d4 d5 3.exd5 cxd5 4.c4 Nf6 5.Nc3 Nc6 6.Nf3 Bg4 7.cxd5 Nxd5 8.Qb3
Bxf3 9.gxf3 e6 10.Qxb7 Nxd4 11.Bb5+ Nxb5 12.Qc6+ Ke7 13.Qxb5 Qd7 14.Nxd5+ 
Qxd5 15.Qxd5 exd5 16.Be3 Ke6 17.Rc1 Bd6 18.Bd4 Be5 19.Bxe5 Kxe5 20.Kd2 
Rhb8 21.Rhe1+ Kd6 22.Rc2 Rb7 23.Rg1 g6 24.Rgc1 Re8 25.Rc6+ Kd7 26.b3 Re5 
27.Rf6 Kd8 28.Rc5 Rh5 29.Rf4 Rxh2 30.Rxd5+ Ke8 31.Re4+ Kf8 32.Ke2 Rh1 33.
Ra5 Rc1 34.Rea4 Re7+ 35.Re4 Rd7 36.Rc4 Rb1 37.Rc8+ Kg7 38.Rc2 Re7+ 39.Kd3 
Rd1+ 40.Kc3 h5 41.Kb2 Rd3 42.f4 Rf3 43.f5 h4 44.fxg6 fxg6 45.Ra4 g5 46.Rg4
Kg6 47.Rg2 h3 48.Rh2 0-1

[Event "2nd Banja Luka it"]
[Site "Banja Luka YUG"]
[Date "1976.11.27"]
[Round "3"]
[White "Kurajica, Bojan"]
[Black "Parma, Bruno"]
[Result "1/2-1/2"]
[WhiteElo "2525"]
[BlackElo "2515"]
[EventDate "1976.11.25"]
[PlyCount "27"]

1.e4 d6 2.d4 Nf6 3.Nc3 g6 4.Nf3 Bg7 5.Be2 O-O 6.O-O Bg4 7.Be3 Nc6 8.h3 
Bxf3 9.Bxf3 Nd7 10.Ne2 e5 11.c3 Nb6 12.Qb3 Na5 13.Qc2 Nac4 14.Bc1 1/2-1/2

[Event "2nd Banja Luka it"]
[Site "Banja Luka YUG"]
[Date "1976.11.27"]
[Round "3"]
[White "Bukic, Enver"]
[Black "Lakic, Nikola"]
[Result "1/2-1/2"]
[WhiteElo "2500"]
[BlackElo "2380"]
[EventDate "1976.11.25"]
[PlyCount "121"]

1.d4 Nf6 2.c4 g6 3.Nc3 Bg7 4.e4 d6 5.Nf3 O-O 6.Be2 Bg4 7.Be3 Nfd7 8.Rc1 e5
9.d5 a5 10.a3 Na6 11.Rb1 Bxf3 12.Bxf3 f5 13.b4 axb4 14.axb4 Bf6 15.O-O Bg5
16.Bxg5 Qxg5 17.c5 dxc5 18.b5 Nab8 19.d6 cxd6 20.Qxd6 Ra3 21.Rbc1 b6 22.
exf5 gxf5 23.Bc6 Qf6 24.Qc7 e4 25.Bxd7 Nxd7 26.Qxd7 Rxc3 27.Rxc3 Qxc3 28.
Qe6+ Kh8 29.Qxb6 Rg8 30.g3 f4 31.Qe6 e3 32.fxe3 fxg3 33.h4 Qb2 34.Qf6+ 
Qxf6 35.Rxf6 Rb8 36.b6 c4 37.h5 Kg7 38.Rc6 c3 39.Kg2 c2 40.Kxg3 Rxb6 41.
Rxc2 Rb5 42.Rc7+ Kh6 43.Rc6+ Kxh5 44.Kf4 Rb1 45.e4 Rf1+ 46.Ke5 Kg5 47.Rc8 
h5 48.Rg8+ Kh4 49.Ke6 Kh3 50.e5 h4 51.Kd7 Kh2 52.e6 h3 53.e7 Re1 54.Rg6 
Rxe7+ 55.Kxe7 Kh1 56.Kf6 h2 57.Kg5 Kg2 58.Kf4+ Kf2 59.Ra6 h1=Q 60.Ra2+ Kg1
61.Ra1+ 1/2-1/2

[Event "2nd Banja Luka it"]
[Site "Banja Luka YUG"]
[Date "1976.11.28"]
[Round "4"]
[White "Parma, Bruno"]
[Black "Sibarevic, Milenko"]
[Result "1-0"]
[WhiteElo "2515"]
[BlackElo "2340"]
[EventDate "1976.11.25"]
[PlyCount "75"]

1.e4 c5 2.Nf3 d6 3.d4 cxd4 4.Nxd4 Nf6 5.Nc3 a6 6.Be2 e6 7.O-O Be7 8.f4 O-O
9.Be3 Qc7 10.a4 b6 11.Bf3 Bb7 12.Qe2 Nc6 13.Qf2 Nd7 14.Rad1 Rfe8 15.f5 Bf6
16.fxe6 fxe6 17.Bg4 Nc5 18.Nxe6 Nxe6 19.Nd5 Qf7 20.Nxf6+ Qxf6 21.Qxf6 gxf6
22.Rxd6 Nc5 23.Bxc5 bxc5 24.Bd7 Red8 25.Bxc6 Rxd6 26.Bxb7 Rb8 27.Bd5+ Kg7 
28.b3 Re8 29.g4 h6 30.Kg2 Rb8 31.Rf3 a5 32.Rc3 Rc8 33.Kf2 Rc7 34.Ke2 Kg6 
35.Kf3 Rd8 36.Kf4 Re8 37.Rd3 Rd7 38.Bc6 1-0

[Event "2nd Banja Luka it"]
[Site "Banja Luka YUG"]
[Date "1976.11.28"]
[Round "4"]
[White "Vukic, Milan"]
[Black "Planinc, Albin"]
[Result "1-0"]
[WhiteElo "2510"]
[BlackElo "2485"]
[EventDate "1976.11.25"]
[PlyCount "73"]

1.Nf3 g6 2.c4 Bg7 3.d4 Nf6 4.g3 O-O 5.Bg2 d6 6.O-O Nbd7 7.Nc3 e5 8.e4 a6 
9.Re1 exd4 10.Nxd4 Ne5 11.b3 c5 12.Nc2 b5 13.cxb5 axb5 14.Nxb5 Ba6 15.Bf1 
d5 16.f4 Nc6 17.e5 Ne4 18.Bb2 Ne7 19.a4 Qb6 20.Ne3 Rad8 21.Qc2 Nf5 22.Nxf5
gxf5 23.Rad1 h5 24.Qg2 d4 25.Bc4 Bb7 26.Qh3 Qc6 27.Na7 Qg6 28.Nb5 Bxe5 29.
Rxe4 fxe4 30.fxe5 e3 31.Qh4 d3 32.Nd6 Rxd6 33.exd6 e2 34.Ra1 Re8 35.Bc3 
Bc6 36.Kf2 Re4 37.Qf6 1-0

[Event "2nd Banja Luka it"]
[Site "Banja Luka YUG"]
[Date "1976.11.30"]
[Round "5"]
[White "Planinc, Albin"]
[Black "Parma, Bruno"]
[Result "0-1"]
[WhiteElo "2485"]
[BlackElo "2515"]
[EventDate "1976.11.25"]
[PlyCount "82"]

1.e4 e5 2.Nf3 Nc6 3.Bb5 a6 4.Ba4 Nf6 5.O-O Nxe4 6.d4 Be7 7.Re1 f5 8.d5 Na5
9.Nxe5 O-O 10.d6 Bxd6 11.Qd5+ Kh8 12.Nf7+ Rxf7 13.Qxf7 Bxh2+ 14.Kf1 b5 15.
Bb3 Nxb3 16.axb3 Bb7 17.Nc3 Qh4 18.Qxf5 Nxf2 19.Qf7 h6 20.Re7 Rg8 21.Bxh6 
Qxh6 22.Kxf2 Bd6 23.Re8 Rxe8 24.Qxe8+ Kh7 25.Qe3 Qh4+ 26.Ke2 b4 27.Qd3+ 
Kg8 28.Nd1 Qg4+ 29.Kd2 Qxg2+ 30.Kc1 Bf4+ 31.Kb1 Be4 32.Qc4+ d5 33.Qc6 Qd2 
34.Ka2 Qxc2 35.Qe8+ Kh7 36.Qh5+ Bh6 37.Ne3 Qc5 38.Nc4 Qc6 39.Nd2 Bg6 40.
Qe2 Qb6 41.Nc4 dxc4 0-1

[Event "2nd Banja Luka it"]
[Site "Banja Luka YUG"]
[Date "1976.11.30"]
[Round "5"]
[White "Sibarevic, Milenko"]
[Black "Lakic, Nikola"]
[Result "1-0"]
[WhiteElo "2340"]
[BlackElo "2380"]
[EventDate "1976.11.25"]
[PlyCount "69"]

1.e4 c5 2.Nf3 d6 3.d4 cxd4 4.Nxd4 Nf6 5.Nc3 a6 6.Be2 e6 7.f4 Qc7 8.O-O b5 
9.Bf3 Bb7 10.e5 dxe5 11.fxe5 Nfd7 12.Bf4 b4 13.Bxb7 Qxb7 14.Na4 Nc5 15.
Nxc5 Bxc5 16.Kh1 O-O 17.Nb3 Be7 18.Qe2 Nd7 19.Rae1 Rac8 20.Rf3 Qb5 21.Rd3 
Nc5 22.Nd4 Qc4 23.b3 Qd5 24.Nf5 Qb7 25.Nxe7+ Qxe7 26.Rg3 f5 27.exf6 Rxf6 
28.Bg5 Rcf8 29.Bxf6 Rxf6 30.Rf3 Kf7 31.Ref1 a5 32.Qe5 Kg6 33.Qg3+ Kf7 34.
Qh4 Kg6 35.Rg3+ 1-0

[Event "2nd Banja Luka it"]
[Site "Banja Luka YUG"]
[Date "1976.11.30"]
[Round "5"]
[White "Hulak, Krunoslav"]
[Black "Bagirov, Vladimir"]
[Result "1/2-1/2"]
[WhiteElo "2470"]
[BlackElo "2490"]
[EventDate "1976.11.25"]
[PlyCount "49"]

1.e4 c6 2.d4 d5 3.Nc3 dxe4 4.Nxe4 Bf5 5.Ng3 Bg6 6.h4 h6 7.h5 Bh7 8.Nf3 Nd7
9.Bd3 Bxd3 10.Qxd3 Ngf6 11.Bf4 Qa5+ 12.Bd2 Qc7 13.Qe2 e6 14.c4 O-O-O 15.
Bc3 c5 16.O-O-O cxd4 17.Nxd4 a6 18.Nb3 Bd6 19.Ne4 Nxe4 20.Qxe4 Nf6 21.Qe2 
Qc6 22.g3 Bc7 23.Rxd8+ Rxd8 24.Re1 Bb6 25.f4 1/2-1/2

[Event "2nd Banja Luka it"]
[Site "Banja Luka YUG"]
[Date "1976.12.02"]
[Round "7"]
[White "Mihaljcisin, Mihajlo"]
[Black "Vukic, Milan"]
[Result "1/2-1/2"]
[WhiteElo "2325"]
[BlackElo "2510"]
[EventDate "1976.11.25"]
[PlyCount "42"]

1.e4 Nf6 2.e5 Nd5 3.d4 d6 4.Bc4 c6 5.Qe2 g6 6.h3 Bg7 7.Nf3 O-O 8.O-O a5 9.
a4 Na6 10.Re1 Nac7 11.Bb3 h6 12.Nc3 Nxc3 13.bxc3 d5 14.c4 b6 15.cxd5 cxd5 
16.Be3 Ba6 17.Qd2 Kh7 18.c3 Qd7 19.h4 h5 20.Bc2 Kg8 21.Bh6 Ne6 1/2-1/2

[Event "2nd Banja Luka it"]
[Site "Banja Luka YUG"]
[Date "1976.12.02"]
[Round "7"]
[White "Marovic, Drazen"]
[Black "Parma, Bruno"]
[Result "1/2-1/2"]
[WhiteElo "2485"]
[BlackElo "2515"]
[EventDate "1976.11.25"]
[PlyCount "36"]

1.d4 Nf6 2.c4 e6 3.Nf3 b6 4.g3 Bb7 5.Bg2 Be7 6.O-O O-O 7.Nc3 Ne4 8.Nxe4 
Bxe4 9.Ne1 Bxg2 10.Nxg2 d5 11.Qa4 dxc4 12.Qxc4 c5 13.Be3 cxd4 14.Bxd4 Qc8 
15.Rac1 Qxc4 16.Rxc4 Na6 17.a3 Rfd8 18.e3 f6 1/2-1/2

[Event "2nd Banja Luka it"]
[Site "Banja Luka YUG"]
[Date "1976.12.02"]
[Round "7"]
[White "Sibarevic, Milenko"]
[Black "Smejkal, Jan"]
[Result "1/2-1/2"]
[WhiteElo "2340"]
[BlackElo "2615"]
[EventDate "1976.11.25"]
[PlyCount "105"]

1.c4 e5 2.Nc3 d6 3.g3 g6 4.d4 Nd7 5.Nf3 Bg7 6.Bg2 Ngf6 7.O-O O-O 8.e4 c6 
9.h3 Qa5 10.Re1 exd4 11.Nxd4 Re8 12.Nb3 Qc7 13.Be3 a5 14.c5 dxc5 15.Nxc5 
Nxc5 16.Bxc5 Nd7 17.Bd6 Qb6 18.Na4 Qa7 19.Qd2 b5 20.Nc3 Ne5 21.Qc2 Be6 22.
Rad1 Rad8 23.Kh2 Nc4 24.Bf4 Nxb2 25.Qxb2 b4 26.e5 bxc3 27.Qxc3 Qxf2 28.
Rxd8 Rxd8 29.Qxa5 Rc8 30.Rd1 Bf8 31.Rd2 Qe1 32.a4 c5 33.Qc3 Rb8 34.Bh6 c4 
35.Bxf8 Rxf8 36.Rc2 Qxc3 37.Rxc3 Rb8 38.g4 Rb2 39.Kg3 Ra2 40.Bc6 Kf8 41.
Kf4 Ke7 42.Ke3 Kd8 43.Bb5 h5 44.gxh5 gxh5 45.Kd4 h4 46.Kc5 Rh2 47.Bxc4 
Rxh3 48.Rxh3 Bxh3 49.Bxf7 Ke7 50.Bd5 Bf1 51.Kd4 h3 52.Ke3 h2 53.Kf2 
1/2-1/2

[Event "2nd Banja Luka it"]
[Site "Banja Luka YUG"]
[Date "1976.12.02"]
[Round "7"]
[White "Kurajica, Bojan"]
[Black "Hulak, Krunoslav"]
[Result "1/2-1/2"]
[WhiteElo "2525"]
[BlackElo "2470"]
[EventDate "1976.11.25"]
[PlyCount "29"]

1.e4 e5 2.Nf3 Nc6 3.Bb5 a6 4.Ba4 Nf6 5.O-O Be7 6.Re1 b5 7.Bb3 d6 8.c3 O-O 
9.h3 Na5 10.Bc2 c5 11.d4 Nc6 12.d5 Na5 13.Nbd2 c4 14.Nf1 Bd7 15.Ng3 
1/2-1/2

[Event "2nd Banja Luka it"]
[Site "Banja Luka YUG"]
[Date "1976.12.03"]
[Round "8"]
[White "Smejkal, Jan"]
[Black "Planinc, Albin"]
[Result "1/2-1/2"]
[WhiteElo "2615"]
[BlackElo "2485"]
[EventDate "1976.11.25"]
[PlyCount "112"]

1.Nf3 g6 2.c4 Bg7 3.d4 Nf6 4.g3 O-O 5.Bg2 d6 6.O-O Nbd7 7.Nc3 e5 8.e4 exd4
9.Nxd4 Re8 10.h3 Nc5 11.Re1 a5 12.Qc2 c6 13.Be3 a4 14.Rab1 Bd7 15.Rbd1 Qa5
16.Bf4 a3 17.Bxd6 axb2 18.e5 Nh5 19.Qxb2 Ne6 20.Nb3 Qa7 21.Ne4 b6 22.Qc3 
Rac8 23.Bf3 c5 24.Bxh5 gxh5 25.Qf3 Bc6 26.Qxh5 Qb7 27.Nbd2 Red8 28.Qg4 Nd4
29.Nf3 Rxd6 30.Nxd4 Rg6 31.Qf5 Bxe4 32.Rxe4 cxd4 33.Rexd4 Rf8 34.h4 Qe7 
35.Re4 Re6 36.Rd5 Re8 37.Rb5 Bxe5 38.a4 Bg7 39.Rxe6 Qxe6 40.Qxe6 Rxe6 41.
c5 bxc5 42.Rxc5 Ra6 43.Rc4 Kf8 44.Kg2 Ke7 45.g4 Kd6 46.Kf3 Kd5 47.Rf4 Ra7 
48.Rf5+ Ke6 49.Rh5 h6 50.Rb5 Rxa4 51.Rb6+ Ke5 52.Rb5+ Kd6 53.Rb7 Ke6 54.
Rb6+ Kd5 55.Rb7 Bf6 56.g5 hxg5 1/2-1/2

[Event "2nd Banja Luka it"]
[Site "Banja Luka YUG"]
[Date "1976.12.03"]
[Round "8"]
[White "Hulak, Krunoslav"]
[Black "Sibarevic, Milenko"]
[Result "1-0"]
[WhiteElo "2470"]
[BlackElo "2340"]
[EventDate "1976.11.25"]
[PlyCount "84"]

1.e4 c5 2.Nf3 d6 3.d4 cxd4 4.Nxd4 Nf6 5.Nc3 a6 6.Be2 e6 7.f4 Qc7 8.O-O Be7
9.Kh1 O-O 10.Bf3 Nc6 11.g4 Nd7 12.Be3 Nxd4 13.Qxd4 b5 14.a4 b4 15.Qxb4 Rb8
16.Qa3 Nb6 17.Qa2 Nc4 18.Bc1 Bf6 19.Nd1 Bd7 20.g5 Bd4 21.c3 Ba7 22.b3 Na5 
23.b4 Nc4 24.Qe2 Rfc8 25.Nb2 a5 26.b5 Nb6 27.Bd2 d5 28.Bg2 g6 29.Rfc1 Qc5 
30.Be3 Qc7 31.Qf2 Rb7 32.Bd4 Qb8 33.Nd3 Nxa4 34.Bxa7 Qxa7 35.Rxa4 Bxb5 36.
Qxa7 Rxa7 37.Rd4 Bxd3 38.Rxd3 dxe4 39.Bxe4 Rc4 40.Rd4 Rac7 41.Rxc4 Rxc4 
42.Bd3 Rc5 1-0

[Event "2nd Banja Luka it"]
[Site "Banja Luka YUG"]
[Date "1976.12.03"]
[Round "8"]
[White "Parma, Bruno"]
[Black "Mihaljcisin, Mihajlo"]
[Result "1-0"]
[WhiteElo "2515"]
[BlackElo "2325"]
[EventDate "1976.11.25"]
[PlyCount "63"]

1.e4 c6 2.d4 d5 3.Nd2 g6 4.Ngf3 Bg7 5.c3 Bg4 6.h3 Bxf3 7.Qxf3 e6 8.Bd3 Nd7
9.O-O Ne7 10.Qg3 O-O 11.Nf3 dxe4 12.Bxe4 Nf5 13.Qf4 Bh6 14.Qh2 Bxc1 15.
Raxc1 Nf6 16.Bc2 Qd6 17.Qe5 Nd7 18.Qe2 Rfe8 19.Rfe1 Kg7 20.Rcd1 Rad8 21.
Qd2 h6 22.c4 Nf6 23.Qc3 Qf4 24.Re5 h5 25.Ree1 a6 26.a4 b5 27.axb5 axb5 28.
b3 b4 29.Qxb4 Nxd4 30.Nxd4 Rxd4 31.g3 Nd5 32.cxd5 1-0

[Event "2nd Banja Luka it"]
[Site "Banja Luka YUG"]
[Date "1976.12.05"]
[Round "9"]
[White "Lombardy, William James"]
[Black "Vukic, Milan"]
[Result "0-1"]
[WhiteElo "2520"]
[BlackElo "2510"]
[EventDate "1976.11.25"]
[PlyCount "86"]

1.e4 c6 2.d3 d5 3.Nd2 g6 4.Ngf3 Bg7 5.g3 e5 6.Bg2 Ne7 7.O-O O-O 8.Qe2 Qc7 
9.c3 dxe4 10.Nxe4 Bg4 11.h3 Bxf3 12.Qxf3 Nd7 13.Bg5 Rae8 14.Qd1 Nd5 15.Qb3
h6 16.Bd2 Kh7 17.c4 N5f6 18.Bb4 Nxe4 19.Bxe4 Rg8 20.Bg2 Bf8 21.Bc3 Nc5 22.
Qc2 Rd8 23.Rae1 Bg7 24.Re3 Ne6 25.Qa4 Qb8 26.Rfe1 Nd4 27.Re4 f5 28.Bxd4 
fxe4 29.Bxa7 Qc7 30.Bxe4 Ra8 31.c5 Bf6 32.Bb6 Qxb6 33.Qxa8 Qb4 34.Bxg6+ 
Rxg6 35.Re4 Qxc5 36.Kg2 Qb5 37.b4 Rg8 38.Qa7 Rg7 39.Qe3 Rd7 40.Qf3 Qxd3 
41.Qf5+ Kg7 42.h4 h5 43.f3 Rd4 0-1

[Event "2nd Banja Luka it"]
[Site "Banja Luka YUG"]
[Date "1976.12.05"]
[Round "9"]
[White "Planinc, Albin"]
[Black "Hulak, Krunoslav"]
[Result "0-1"]
[WhiteElo "2485"]
[BlackElo "2470"]
[EventDate "1976.11.25"]
[PlyCount "80"]

1.e4 c5 2.Nf3 d6 3.d4 cxd4 4.Nxd4 Nf6 5.Nc3 a6 6.Bg5 e6 7.f4 Qb6 8.Qd2 
Qxb2 9.Nb3 Nc6 10.Bxf6 gxf6 11.Be2 f5 12.O-O Bg7 13.Na4 Qa3 14.Nb6 Rb8 15.
c3 Na5 16.Nxa5 Qc5+ 17.Kh1 Bxc3 18.Qc1 Bxa5 19.Nc4 fxe4 20.f5 Bc7 21.Qh6 
d5 22.fxe6 Bxe6 23.Bh5 Qe7 24.Ne3 Rg8 25.Rad1 Rd8 26.Nf5 Bxf5 27.Rxf5 Rd6 
28.Qxh7 Rf8 29.Rfxd5 Kd7 30.Bg4+ Kc6 31.Qf5 Kb6 32.Rxd6+ Bxd6 33.Qd5 Rd8 
34.Bf5 Ka7 35.Bxe4 Rd7 36.Qd4+ Kb8 37.g3 f6 38.Bf3 Rd8 39.Qb6 Rd7 40.Bxb7 
Bc5 0-1

[Event "2nd Banja Luka it"]
[Site "Banja Luka YUG"]
[Date "1976.12.05"]
[Round "9"]
[White "Sibarevic, Milenko"]
[Black "Bukic, Enver"]
[Result "1-0"]
[WhiteElo "2340"]
[BlackElo "2500"]
[EventDate "1976.11.25"]
[PlyCount "40"]

1.e4 c5 2.Nf3 d6 3.d4 cxd4 4.Nxd4 Nf6 5.Nc3 a6 6.Bg5 e6 7.f4 Nbd7 8.Qf3 
Qc7 9.O-O-O b5 10.Bxb5 axb5 11.e5 Qb8 12.exf6 gxf6 13.Rhe1 h5 14.Qh3 e5 
15.Nd5 fxg5 16.Nc6 Qb7 17.Rxe5+ Be7 18.Rxe7+ Kf8 19.Qf5 Ne5 20.Qf6 Rh7 1-0

[Event "2nd Banja Luka it"]
[Site "Banja Luka YUG"]
[Date "1976.12.05"]
[Round "9"]
[White "Kurajica, Bojan"]
[Black "Bagirov, Vladimir"]
[Result "1/2-1/2"]
[WhiteElo "2525"]
[BlackElo "2490"]
[EventDate "1976.11.25"]
[PlyCount "46"]

1.e4 Nf6 2.e5 Nd5 3.d4 d6 4.c4 Nb6 5.exd6 cxd6 6.Nc3 g6 7.Be3 Bg7 8.h4 h5 
9.Qb3 Nc6 10.Rd1 O-O 11.Be2 Bd7 12.Nf3 Na5 13.Qb4 Nc6 14.Qa3 Bg4 15.b3 d5 
16.c5 Nc8 17.Ng5 Bxe2 18.Nxe2 e6 19.b4 N8e7 20.Nf3 Nf5 21.Bg5 Qc7 22.Bf4 
Qd8 23.Bg5 Qc7 1/2-1/2

[Event "2nd Banja Luka it"]
[Site "Banja Luka YUG"]
[Date "1976.12.06"]
[Round "10"]
[White "Kurajica, Bojan"]
[Black "Sibarevic, Milenko"]
[Result "1/2-1/2"]
[WhiteElo "2525"]
[BlackElo "2340"]
[EventDate "1976.11.25"]
[PlyCount "82"]

1.e4 c5 2.Nf3 d6 3.d4 cxd4 4.Nxd4 Nf6 5.Bd3 g6 6.O-O Bg7 7.c4 Nc6 8.Nc2 
O-O 9.Nc3 Nd7 10.Re1 Bxc3 11.bxc3 Nce5 12.Bh6 Nxd3 13.Qxd3 Re8 14.f4 Qa5 
15.Qd4 Qc5 16.e5 dxe5 17.fxe5 b6 18.Re3 Nf8 19.Qh4 Be6 20.Nd4 Rad8 21.Kh1 
Qxc4 22.Bg5 f6 23.exf6 exf6 24.Bxf6 Rd7 25.Re4 Qd5 26.c4 Qb7 27.Rae1 Bh3 
28.Kg1 Rf7 29.Bg5 h6 30.Bxh6 Rfe7 31.Qf6 Rxe4 32.Rxe4 Rxe4 33.Qxf8+ Kh7 
34.Nf3 Rg4 35.g3 Qd7 36.Bd2 g5 37.Qf6 Kg8 38.Qg6+ Qg7 39.Qe8+ Qf8 40.Qxf8+
Kxf8 41.Nxg5 Rxc4 1/2-1/2

[Event "2nd Banja Luka it"]
[Site "Banja Luka YUG"]
[Date "1976.12.06"]
[Round "10"]
[White "Parma, Bruno"]
[Black "Lombardy, William James"]
[Result "1/2-1/2"]
[WhiteElo "2515"]
[BlackElo "2520"]
[EventDate "1976.11.25"]
[PlyCount "76"]

1.e4 e5 2.Nf3 Nc6 3.Bb5 a6 4.Ba4 Nf6 5.O-O Be7 6.Re1 b5 7.Bb3 d6 8.c3 O-O 
9.h3 Na5 10.Bc2 c6 11.d4 Qc7 12.Nbd2 h6 13.Nf1 Nc4 14.Ng3 Re8 15.Nh2 Bf8 
16.b3 Nb6 17.Qf3 Qe7 18.Be3 Rb8 19.dxe5 dxe5 20.Nf5 Bxf5 21.Qxf5 a5 22.Ng4
Nbd7 23.Red1 Rbd8 24.a4 Nxg4 25.Qxg4 Nf6 26.Qe2 Rxd1+ 27.Rxd1 Qb7 28.Ra1 
b4 29.Qc4 bxc3 30.Qxc3 Bb4 31.Qc4 Rd8 32.Rd1 Rxd1+ 33.Bxd1 Qd7 34.Be2 Ne8 
35.Qc2 Nc7 36.Bc4 Ne6 37.Bxe6 Qxe6 38.Qd3 Kh7 1/2-1/2

[Event "2nd Banja Luka it"]
[Site "Banja Luka YUG"]
[Date "1976.12.06"]
[Round "10"]
[White "Bagirov, Vladimir"]
[Black "Vukic, Milan"]
[Result "1-0"]
[WhiteElo "2490"]
[BlackElo "2510"]
[EventDate "1976.11.25"]
[PlyCount "103"]

1.d4 Nf6 2.c4 g6 3.Nc3 Bg7 4.e4 d6 5.Nf3 O-O 6.h3 e5 7.d5 Nh5 8.Nh2 Qe8 9.
Be2 Nf4 10.Bf3 f5 11.g3 Nxh3 12.Bg2 fxe4 13.Be3 Bf5 14.Ng4 Nf4 15.gxf4 h5 
16.Nh2 Nd7 17.fxe5 Nxe5 18.Bf1 Nd3+ 19.Bxd3 exd3 20.Qd2 a6 21.O-O-O b5 22.
Rde1 b4 23.Nb1 Qa4 24.b3 Qa5 25.a4 Bc3 26.Qd1 c6 27.Reg1 Bg7 28.dxc6 Qe5 
29.Kd2 Rae8 30.Ke1 Be4 31.Nf1 d5 32.cxd5 Qxd5 33.Rh4 Qxc6 34.Nbd2 Bd5 35.
Qb1 Rd8 36.Rh3 Rd6 37.Rhg3 Rff6 38.Nc4 Rfe6 39.Nfd2 Bc3 40.Kf1 h4 41.Rh3 
Bxd2 42.Nxd2 Qc2 43.Qe1 Bxb3 44.Rg4 Bxa4 45.Rgxh4 g5 46.Rxb4 Rh6 47.Rb8+ 
Kf7 48.Bxg5 Qc7 49.Bxh6 Qxb8 50.Qe5 Qb6 51.Rf3+ Rf6 52.Qh5+ 1-0

[Event "2nd Banja Luka it"]
[Site "Banja Luka YUG"]
[Date "1976.12.07"]
[Round "11"]
[White "Vukic, Milan"]
[Black "Parma, Bruno"]
[Result "1/2-1/2"]
[WhiteElo "2510"]
[BlackElo "2515"]
[EventDate "1976.11.25"]
[PlyCount "56"]

1.Nf3 c5 2.c4 Nc6 3.Nc3 Nf6 4.d4 cxd4 5.Nxd4 e6 6.g3 Bc5 7.Nb3 Bb4 8.Bg2 
d5 9.cxd5 exd5 10.O-O Be6 11.Bg5 O-O 12.Rb1 Bxc3 13.bxc3 h6 14.Be3 Bf5 15.
Rc1 Ne5 16.Bd4 Re8 17.Re1 Be4 18.Bh3 Qe7 19.f3 Bg6 20.Nd2 Nc6 21.Bf2 Rad8 
22.Qa4 Nh7 23.Nb3 Ng5 24.Bg2 Qd7 25.Qb5 b6 26.a4 Ne6 27.Bh3 Qd6 28.Bxe6 
Qxe6 1/2-1/2

[Event "2nd Banja Luka it"]
[Site "Banja Luka YUG"]
[Date "1976.12.07"]
[Round "11"]
[White "Marovic, Drazen"]
[Black "Hulak, Krunoslav"]
[Result "1/2-1/2"]
[WhiteElo "2485"]
[BlackElo "2470"]
[EventDate "1976.11.25"]
[PlyCount "22"]

1.c4 Nf6 2.Nc3 c5 3.g3 g6 4.Bg2 Bg7 5.a3 Nc6 6.Rb1 a5 7.d3 O-O 8.e4 Rb8 9.
Nge2 d6 10.O-O Ne8 11.Be3 Nc7 1/2-1/2

[Event "2nd Banja Luka it"]
[Site "Banja Luka YUG"]
[Date "1976.12.07"]
[Round "11"]
[White "Hort, Vlastimil"]
[Black "Bukic, Enver"]
[Result "1/2-1/2"]
[WhiteElo "2600"]
[BlackElo "2500"]
[EventDate "1976.11.25"]
[PlyCount "43"]

1.e4 c5 2.Nf3 d6 3.d4 cxd4 4.Nxd4 Nf6 5.Nc3 a6 6.Be3 e5 7.Nf3 Qc7 8.Bg5 
Nbd7 9.a4 h6 10.Bh4 Be7 11.Nd2 g5 12.Bg3 Nf8 13.Bc4 Be6 14.Bb3 h5 15.h3 h4
16.Bh2 N8d7 17.Qe2 Nc5 18.Bxe6 Nxe6 19.a5 Rc8 20.Ra4 Nd4 21.Qd1 Nb5 22.Rc4
1/2-1/2

[Event "2nd Banja Luka it"]
[Site "Banja Luka YUG"]
[Date "1976.12.07"]
[Round "11"]
[White "Sibarevic, Milenko"]
[Black "Bagirov, Vladimir"]
[Result "0-1"]
[WhiteElo "2340"]
[BlackElo "2490"]
[EventDate "1976.11.25"]
[PlyCount "77"]

1.e4 Nf6 2.e5 Nd5 3.d4 d6 4.Bc4 Nb6 5.Bb3 Bf5 6.Qf3 Qc8 7.Nh3 e6 8.Ng5 Be7
9.Nxf7 Rf8 10.Ng5 Bxc2 11.Qh5+ Bg6 12.Qh3 Bxg5 13.Bxg5 d5 14.O-O Nc6 15.
Qc3 Kf7 16.a4 a5 17.Na3 Kg8 18.Rac1 Nd7 19.Nb5 Ndb8 20.f4 Na6 21.g4 Nab4 
22.Qe3 Be4 23.Rc3 Rf7 24.Qe2 Qd7 25.Rf2 Raf8 26.Qd2 Kh8 27.Rh3 Ne7 28.Nc3 
Nec6 29.Re2 Bg6 30.f5 Bxf5 31.gxf5 Rxf5 32.Rg3 Qf7 33.h3 Rf3 34.Rgg2 Qf5 
35.Ref2 Qxh3 36.Rxf3 Rxf3 37.Bd1 Rg3 38.Nb5 Nd3 39.Bc2 0-1

[Event "2nd Banja Luka it"]
[Site "Banja Luka YUG"]
[Date "1976.12.08"]
[Round "12"]
[White "Sibarevic, Milenko"]
[Black "Planinc, Albin"]
[Result "0-1"]
[WhiteElo "2340"]
[BlackElo "2485"]
[EventDate "1976.11.25"]
[PlyCount "116"]

1.Nf3 g6 2.d4 Bg7 3.e4 d6 4.Bc4 Nf6 5.Qe2 O-O 6.Bb3 Bg4 7.e5 dxe5 8.dxe5 
Nd5 9.O-O c6 10.Rd1 Qc7 11.c4 Nb6 12.Bf4 Bxf3 13.gxf3 N8d7 14.Re1 Nc5 15.
Bg3 Ne6 16.Nc3 Rad8 17.Qe3 Nd7 18.Nd5 cxd5 19.cxd5 Nec5 20.e6 Qb6 21.d6 
exd6 22.e7 Ne5 23.exf8=Q+ Rxf8 24.Rad1 Qa6 25.Re2 Nxb3 26.axb3 Re8 27.Red2
Re6 28.Qc3 h5 29.f4 Nc6 30.Qd3 Qa5 31.Re2 Nd4 32.Rxe6 fxe6 33.Qxg6 Qf5 34.
Qxf5 Nxf5 35.f3 Bxb2 36.Rd2 Ba3 37.Bf2 a5 38.Bb6 d5 39.Rg2+ Kf7 40.Rg5 h4 
41.Bxa5 Bc1 42.Bc7 d4 43.Kf2 d3 44.Rxf5+ exf5 45.h3 Ke7 46.Ke1 Kd7 47.Be5 
Ke6 48.Bc7 Kd5 49.Kd1 Be3 50.Bd8 Bxf4 51.Bxh4 Kd4 52.Bf2+ Kc3 53.Bb6 Bg5 
54.Bf2 b5 55.h4 Bf4 56.h5 b4 57.Bc5 Kxb3 58.Bd4 Ka2 0-1